| 000 | 00470nam a2200193Ia 4500 | ||
|---|---|---|---|
| 005 | 20250423100355.0 | ||
| 008 | 250422s9999 xx 000 0 und d | ||
| 020 | _a978-007-108171-9 | ||
| 050 | _aQA 76.758 .S318/ | ||
| 100 | _aSchach, Stephen R. | ||
| 245 | 0 | _aObject oriented and classical software engineering | |
| 250 | _a8th ed. | ||
| 260 | _aNew York | ||
| 260 | _bMcGraw-Hill | ||
| 260 | _c2011 | ||
| 300 | _a667 p | ||
| 650 | _aSoft Ware | ||
| 942 | _cBK | ||
| 999 |
_c33115 _d33115 |
||